Sense of honor (Record no. 13607)

000 -LEADER
fixed length control field 00467nam a2200193 a 4500
001 - CONTROL NUMBER
control field 13607
003 - CONTROL NUMBER IDENTIFIER
control field BD-DhUET
008 - FIXED-LENGTH DATA ELEMENTS--GENERAL INFORMATION
fixed length control field 810609s1981 njua 000 1 eng
020 ## - INTERNATIONAL STANDARD BOOK NUMBER
International Standard Book Number 0138066469
040 ## - CATALOGING SOURCE
Original cataloging agency DLC
Transcribing agency DLC
Modifying agency BD-DhUET
082 00 - DEWEY DECIMAL CLASSIFICATION NUMBER
Classification number 813.54
Item number WEB/1981
100 ## - MAIN ENTRY--PERSONAL NAME
Personal name Webb, James
245 12 - TITLE STATEMENT
Title Sense of honor
250 ## - EDITION STATEMENT
Edition statement 1st ed.
260 ## - PUBLICATION, DISTRIBUTION, ETC. (IMPRINT)
Place of publication, distribution, etc. New Jersey
Name of publisher, distributor, etc. Prentice-Hall
Date of publication, distribution, etc. 1981
300 ## - PHYSICAL DESCRIPTION
Extent 308 p.
Other physical details ill.
Dimensions 24 cm.
650 #0 - SUBJECT ADDED ENTRY--TOPICAL TERM
Topical term or geographic name as entry element American-Fiction
942 ## - ADDED ENTRY ELEMENTS (KOHA)
Koha item type General Book
Holdings
Koha normalized classification for sorting Source of classification or shelving scheme Koha item type Date acquired Withdrawn status Copy number Damaged status Location (home branch) Shelving location Sublocation or collection (holding branch) Lost status Not for loan Piece designation (barcode) Koha full call number Koha date last seen Price effective from
813_540000000000000_WEB_1981 General Book2015-03-04 1 Central Library, BUETCirculation sectionCentral Library, BUET  62279813.54/WEB/19812015-03-042015-03-04